000 00473nam a2200181Ia 4500
001 1089
005 20260306140606.0
008 260306t2009||||xx |||||||||||||| ||spa||
041 _aESP
082 _a180
_bR31H T. 7
100 _aReale, Giovanni
_eAUT
245 0 _aHistoria de la filosofía:
_bde Freud a nuestros días = Storia della filosofia VII. Da Freud a oggi
260 _c2009
300 _a
_c
650 _aGEN
654 _aCHU
942 _cLIB
_dJUS
_fJUS
_2ddc
_n
999 _c1089
_d1089